LEADER 02045nam 2200517 a 450 001 9910454509003321 005 20200520144314.0 010 $a1-932802-60-6 024 3 $a9781932802146 035 $a(CKB)1000000000690051 035 $a(EBL)349826 035 $a(OCoLC)568040230 035 $a(SSID)ssj0000360348 035 $a(PQKBManifestationID)11244200 035 $a(PQKBTitleCode)TC0000360348 035 $a(PQKBWorkID)10337662 035 $a(PQKB)11307148 035 $a(MiAaPQ)EBC349826 035 $a(Au-PeEL)EBL349826 035 $a(CaPaEBR)ebr10237051 035 $a(CaONFJC)MIL541536 035 $a(EXLCZ)991000000000690051 100 $a20060321d2006 uy 0 101 0 $aeng 135 $aur|n|---||||| 181 $ctxt 182 $cc 183 $acr 200 10$aFrom VBA to VSTO$b[electronic resource] $eis Excel's new engine for you? /$fby Gerard M. Verschuuren 210 $aUniontown, Ohio $cHoly Macro Books$dc2006 215 $a1 online resource (225 p.) 300 $aIncludes index. 311 $a1-306-10285-5 311 $a1-932802-14-2 327 $aFront Cover; Title Page; Copyright Page; Table of Contents; About the Author; Prologue; Listing of Code Samples; Chapter 1; Chapter 2; Chapter 3; Chapter 4; Chapter 5; Chapter 6; Chapter 7; Chapter 8; Chapter 9; Chapter 10; Chapter 11; Chapter 12; Chapter 13; Chapter 14; Index; Back Cover 330 $aThis Excel user's guide to VSTO?the new Excel Macro programming language being promoted by Microsoft?shows how to perform the equivalent VBA actions with VSTO. The differences between the VSTO and VBA development environments are explained, helping Excel users decide if they should embrace VSTO or seek out other technologies. 608 $aElectronic books. 676 $a005.5 700 $aVerschuuren$b G. M. N$g(Geert M. N.)$0863016 801 0$bMiAaPQ 801 1$bMiAaPQ 801 2$bMiAaPQ 906 $aBOOK 912 $a9910454509003321 996 $aFrom VBA to VSTO$91926501 997 $aUNINA LEADER 01847nam 2200493 450 001 9910702110003321 005 20151120161315.0 035 $a(CKB)5470000002425043 035 $a(OCoLC)919173300 035 $a(EXLCZ)995470000002425043 100 $a20150825j201206 ua 0 101 0 $aeng 135 $aurcn||||||||| 181 $ctxt$2rdacontent 182 $cc$2rdamedia 183 $acr$2rdacarrier 200 10$aWear of steel and Ti6Al4V rollers in vacuum /$fTimothy L. Krantz, Iqbal Shareef 210 1$aCleveland, Ohio :$cNational Aeronautics and Space Administration, Glenn Research Center,$dJune 2012. 215 $a1 online resource (14 pages) $ccolor illustrations 225 1 $aNASA/TM ;$v2012-217619 300 $aTitle from title screen (viewed on Aug. 25, 2015). 300 $a"June 2012." 300 $a"Prepared for the 41st Aerospace Mechanisms Symposium cosponsored by the NASA Jet Propulsion Laboratory and Lockeed Martin Space Systems Company, Pasadena, California, May 16-18, 2012." 320 $aIncludes bibliographical references (page 14). 606 $aTitanium alloys$2nasat 606 $aJames Webb Space Telescope$2nasat 606 $aMisalignment$2nasat 606 $aCalibrating$2nasat 606 $aScanning electron microscopy$2nasat 615 7$aTitanium alloys. 615 7$aJames Webb Space Telescope. 615 7$aMisalignment. 615 7$aCalibrating. 615 7$aScanning electron microscopy. 700 $aKrantz$b T. L$g(Timothy L.),$01394569 702 $aShareef$b Iqbal$g(Iqbal Ahmed), 712 02$aNASA Glenn Research Center, 712 02$aNASA Engineering and Safety Center, 801 0$bGPO 801 1$bGPO 906 $aBOOK 912 $a9910702110003321 996 $aWear of steel and Ti6Al4V rollers in vacuum$93511824 997 $aUNINA LEADER 01872oam 2200505M 450 001 9910716341103321 005 20200213070615.5 035 $a(CKB)5470000002520725 035 $a(OCoLC)1065980114 035 $a(OCoLC)995470000002520725 035 $a(EXLCZ)995470000002520725 100 $a20071213d1926 ua 0 101 0 $aeng 135 $aurcn||||||||| 181 $ctxt$2rdacontent 182 $cc$2rdamedia 183 $acr$2rdacarrier 200 10$aBridge across the Tombigbee River near Aliceville, Ala. March 6 (calendar day, March 8), 1926. -- Ordered to be printed 210 1$a[Washington, D.C.] :$c[U.S. Government Printing Office],$d1926. 215 $a1 online resource (2 pages) 225 1 $aSenate report / 69th Congress, 1st session. Senate ;$vno. 287 225 1 $a[United States congressional serial set ] ;$v[serial no. 8524] 300 $aBatch processed record: Metadata reviewed, not verified. Some fields updated by batch processes. 300 $aFDLP item number not assigned. 517 $aBridge across the Tombigbee River near Aliceville, Ala. March 6 606 $aBridge construction industry 606 $aBridges$xDesign and construction 606 $aBridges 606 $aLegislative amendments 608 $aLegislative materials.$2lcgft 615 0$aBridge construction industry. 615 0$aBridges$xDesign and construction. 615 0$aBridges. 615 0$aLegislative amendments. 701 $aBingham$b Hiram$f1875-1956$pRepublican (CT)$0463205 801 0$bWYU 801 1$bWYU 801 2$bOCLCO 801 2$bOCLCQ 801 2$bOCLCO 801 2$bOCLCQ 906 $aBOOK 912 $a9910716341103321 996 $aBridge across the Tombigbee River near Aliceville, Ala. March 6 (calendar day, March 8), 1926. -- Ordered to be printed$93439217 997 $aUNINA